ბათუმის შოთა რუსთაველის სახელმწიფო უნივერსიტეტის ბიბლიოთეკა

სიმღერა მეგობრობისა (ბიბ.ჩანაწერი № 43091)

000 -LEADER
fixed length control field 00704nam a2200217Ia 4500
001 - CONTROL NUMBER
control field 9812
003 - CONTROL NUMBER IDENTIFIER
control field GE_BSU
008 - FIXED-LENGTH DATA ELEMENTS--GENERAL INFORMATION
fixed length control field 181216s||||||||xx |||||||||||||| ||und||
040 ## - CATALOGING SOURCE
Transcribing agency GE_BSU
080 ## - UNIVERSAL DECIMAL CLASSIFICATION NUMBER
Universal Decimal Classification number 821.353.1–1
100 ## - MAIN ENTRY--PERSONAL NAME
Personal name ნონეშვილი,იოსებ
245 ## - TITLE STATEMENT
Title სიმღერა მეგობრობისა
245 ## - TITLE STATEMENT
Remainder of title ლექსები
245 ## - TITLE STATEMENT
Statement of responsibility, etc. რედ.ან.თევზაძე.მხატვ.გ.თოთიბაძე
260 ## - PUBLICATION, DISTRIBUTION, ETC.
Place of publication, distribution, etc. თბილისი
260 ## - PUBLICATION, DISTRIBUTION, ETC.
Name of publisher, distributor, etc. საბჭ.მწერალი
260 ## - PUBLICATION, DISTRIBUTION, ETC.
Date of publication, distribution, etc. 1954
300 ## - PHYSICAL DESCRIPTION
Extent 110გვ.20სმ.
653 ## - INDEX TERM--UNCONTROLLED
Uncontrolled term სიმღერა მეგობრობისა
942 ## - ADDED ENTRY ELEMENTS (KOHA)
Koha item type წიგნი
ეგზემპლარები
Withdrawn status Lost status Damaged status Not for loan Date acquired Barcode Date last seen Price effective from Koha item type Public note
        2018-12-17 33028 2018-12-17 2018-12-17 წიგნი  
        2018-12-17 33030 2018-12-17 2018-12-17 წიგნი  
        2018-12-17 33031 2018-12-17 2018-12-17 წიგნი  
        2018-12-17 33032 2018-12-17 2018-12-17 წიგნი  
        2018-12-17 33029 2018-12-17 2018-12-17 წიგნი  
        2018-12-17 41483 2018-12-17 2018-12-17 წიგნი აგრარული ტექ.ფაკ.